| 000 | 01318nam a22003137a 4500 | ||
|---|---|---|---|
| 001 | 9939 | ||
| 003 | FISKH | ||
| 005 | 20260318122533.0 | ||
| 008 | 260318b cb ||||| |||| 00| 0 eng d | ||
| 020 | _a054335002253 | ||
| 040 |
_aFISKH _beng _cFISKH _dFISKH |
||
| 082 | _a513.2 | ||
| 100 | _aMerttens , Ruth | ||
| 245 |
_aNumbers , time and money : _bA workbook on subtraction time , money and measurement / _cRuth Merttens : Illustrated by Alan Snow |
||
| 250 | _aFirst Fantail Printing June , 1989 | ||
| 260 |
_aLondon : _bPenguin Books Ltd , _c1987 . |
||
| 300 |
_a23 pages : _bcolor illustrations ; _c24 cm . |
||
| 490 |
_aThe Parent and Child Program _vWorkbook |
||
| 505 | _aG | ||
| 520 | _aThis workbook is designed to help young children learn basic math skills together with a parent. It focuses on: Numbers and counting Understanding time (days, hours, telling time) Money skills (coins, simple values) The book uses activities and exercises so children can learn by doing, often with help from an adult. | ||
| 521 | 8 |
_a400
_bLexile estimate |
|
| 521 | 8 |
_aG
_bRaz-Plus |
|
| 650 |
_aTeaching tools _vNon-fiction |
||
| 650 |
_aWorkbook _vNon-fiction |
||
| 650 |
_aHomeschool _vNon-fiction |
||
| 700 |
_aSnow , Alan _eIllustrator |
||
| 942 |
_2ddc _cBK _n0 |
||
| 999 |
_c9939 _d9939 |
||